000 00628nam a2200205Ii 4500
003 JO-AjNU
008 230606s9999||||xx |||||||||||||| ||und||
020 _a978-1-4390-8118-1
040 _aJO-AjNU
_beng
_erda
_cJO-AjNU
041 _aeng
050 1 4 _aQA76.5.S4579.2011
100 3 _aElmasri,Ramez,
_eauthor
_9971
245 0 0 _aDATAbases Systems MODEL languges Design And APPLICATION Programming
264 3 1 _aCOURSE TECHNOLOGY:Australia,2006
300 _a528p
336 _atext
_btxt
_2rdacontent
337 _aunmediated
_bn
_2rdamedia
338 _avolume
_bnc
_2rdacarrier
650 4 _aDiscovering computers 2011
_9972
999 _aE511
_c511
_d511